[Event "European Blitz 2016"]
[Site "Tallinn EST"]
[Date "2016.12.17"]
[Round "10.5"]
[White "Andriasian, Zaven"]
[Black "Saric, Ivan"]
[Result "1-0"]
[WhiteTitle "GM"]
[BlackTitle "GM"]
[WhiteElo "2621"]
[BlackElo "2652"]
[WhiteFideId "13302000"]
[BlackFideId "14508150"]
[EventDate "2016.12.17"]

1. e4 g6 2. d4 Bg7 3. Nc3 d6 4. f4 Nf6 5. Nf3 O-O 6. Bd3 Nc6 7. O-O e5 8. dxe5
dxe5 9. f5 Nb4 10. Kh1 Nxd3 11. cxd3 gxf5 12. Bg5 h6 13. Bh4 Qd6 14. Qe2 f4 15.
d4 Ng4 16. dxe5 Nxe5 17. Rad1 Qa6 18. Qd2 Nxf3 19. gxf3 Qd6 20. Qe2 Qa6 21. Qc2
Be6 22. Rg1 Kh8 23. Qc1 f5 24. Qxf4 fxe4 25. Qg3 Rf7 26. Nxe4 Bf5 27. Qg2 Raf8
28. b3 Qe6 29. Rde1 Bh3 30. Qd2 Qf5 31. Rg3 Qd7 32. Qe2 Bf5 33. Reg1 Qc6 34. Qe3
Bh7 35. Re1 Bxe4 36. fxe4 Rf1+ 37. Rg1 R1f3 38. Qe2 R3f7 39. Qg2 Re8 40. Ref1
Ref8 41. Rf5 Qd7 42. Rh5 Qe6 43. Bg3 Re7 44. Rh4 Rfe8 45. Bf2 Qc6 46. Re1 Rg8
47. Rg4 Rf8 48. Rg1 Qf6 49. Bh4 1-0

[Event "European Blitz 2016"]
[Site "Tallinn EST"]
[Date "2016.12.17"]
[Round "10.6"]
[White "Fridman, Daniel"]
[Black "Navara, David"]
[Result "0-1"]
[WhiteTitle "GM"]
[BlackTitle "GM"]
[WhiteElo "2596"]
[BlackElo "2725"]
[WhiteFideId "11600454"]
[BlackFideId "309095"]
[EventDate "2016.12.17"]

1. Nf3 Nf6 2. c4 c5 3. d4 cxd4 4. Nxd4 e6 5. Nc3 Nc6 6. e3 Bb4 7. Bd2 O-O 8. Be2
d5 9. cxd5 exd5 10. O-O Nxd4 11. exd4 Re8 12. Bf3 Be6 13. Qb3 Bxc3 14. Bxc3 Qd7
15. Rfd1 Bg4 16. Bxg4 Nxg4 17. h3 Nf6 18. Bd2 Ne4 19. Be3 Re6 20. Rac1 Rae8 21.
Qc2 Rg6 22. Kh1 Qf5 23. Re1 h6 24. f3 Ng3+ 25. Kg1 Rge6 26. Kf2 Qxc2+ 27. Rxc2
Nf5 28. Rce2 Kf8 29. g4 Ne7 30. Bd2 Rxe2+ 31. Rxe2 Nc6 32. Rxe8+ Kxe8 33. Ke3
Ke7 34. Kd3 Ke6 35. h4 f5 36. h5 Ne7 37. Ke3 Kf6 38. Bb4 Nc6 39. Bd6 fxg4 40.
fxg4 Kg5 41. Bf8 Kxg4 42. Bxg7 Kg5 43. Bh8 a6 44. a3 Kxh5 45. Kf4 Kg6 46. Kg4
h5+ 47. Kf4 h4 48. Kg4 h3 49. Kxh3 Kf5 50. Kg3 Ke4 51. Kf2 Nxd4 52. Ke1 Kd3 53.
Kd1 Nb3 54. Bg7 b5 55. Bf6 d4 56. Bg7 Nc5 57. Bh8 Kc4 58. Kc2 d3+ 59. Kd2 Ne4+
60. Ke3 Nc5 61. Kd2 a5 62. Bg7 a4 63. Bh8 Ne4+ 64. Ke3 Nd6 65. Kd2 Nb7 66. Ke3
Nd6 67. Kd2 Kb3 68. Kxd3 Nc4 69. Kd4 Nxb2 70. Kc5 Nc4 71. Kxb5 Nxa3+ 72. Kc5 Nb1
73. Ba1 a3 74. Kb6 a2 75. Ka5 Nc3 76. Ka6 Na4 77. Ka5 Nb2 78. Kb5 Kc2 79. Kb4
Kb1 80. Kc3 Kxa1 81. Kc2 Nd3 0-1

[Event "European Blitz 2016"]
[Site "Tallinn EST"]
[Date "2016.12.17"]
[Round "10.7"]
[White "Neiksans, Arturs"]
[Black "Ponomariov, Ruslan"]
[Result "1-0"]
[WhiteTitle "GM"]
[BlackTitle "GM"]
[WhiteElo "2631"]
[BlackElo "2709"]
[WhiteFideId "11601388"]
[BlackFideId "14103320"]
[EventDate "2016.12.17"]

1. e4 e5 2. Nf3 Nc6 3. Bc4 Nf6 4. d3 Be7 5. c3 O-O 6. Nbd2 d6 7. Bb3 Na5 8. Bc2
c5 9. Nf1 Nc6 10. Ng3 Re8 11. O-O d5 12. Re1 d4 13. Bb3 Be6 14. Ng5 Qd7 15. Nxe6
fxe6 16. cxd4 Nxd4 17. Be3 Nxb3 18. Qxb3 Rac8 19. h3 Rc6 20. Red1 Rd8 21. Nf1 b6
22. Rd2 Bf8 23. Nh2 Qe8 24. Nf3 Bd6 25. Qc4 Rc7 26. a4 h6 27. g3 Nd7 28. Kg2 Nb8
29. Nh2 Nc6 30. Ng4 Qg6 31. Rad1 Rf7 32. Qb5 Nb4 33. a5 Bc7 34. axb6 axb6 35.
Qc4 h5 36. Nh2 Rfd7 37. Nf3 Ra8 38. h4 Qf6 39. Ng5 Rd6 40. Re2 Nc6 41. Qc1 Nd8
42. b4 Nf7 43. bxc5 bxc5 44. Qxc5 Rd7 45. Qc6 Rad8 46. Qxe6 Rd6 47. Qc4 Rc6 48.
Qb3 Rb8 49. Qa2 Ra6 50. Qxf7+ Qxf7 51. Nxf7 Kxf7 52. d4 exd4 53. Rxd4 Be5 54.
Rd5 Re8 55. Rc2 Bf6 56. f3 Ra3 57. Bf4 Kg6 58. Rc6 Ra2+ 59. Kh3 Kf7 60. Rxh5
Rea8 61. Rd5 R8a3 62. Kg4 Rf2 63. Rd7+ Kg8 64. h5 Rfxf3 65. h6 Rfc3 66. Re6 Rc8
67. e5 1-0

[Event "European Blitz 2016"]
[Site "Tallinn EST"]
[Date "2016.12.17"]
[Round "10.9"]
[White "Matlakov, Maxim"]
[Black "Halkias, Stelios"]
[Result "0-1"]
[WhiteTitle "GM"]
[BlackTitle "GM"]
[WhiteElo "2694"]
[BlackElo "2585"]
[WhiteFideId "4168003"]
[BlackFideId "4201809"]
[EventDate "2016.12.17"]

1. d4 Nf6 2. Bf4 e6 3. e3 d5 4. Nf3 Bd6 5. Bg3 O-O 6. Nbd2 c5 7. c3 b6 8. Bd3
Nc6 9. Qe2 Bb7 10. e4 Be7 11. dxc5 bxc5 12. O-O Nh5 13. Rad1 Nxg3 14. hxg3 Qb6
15. exd5 exd5 16. c4 d4 17. Ne4 Rfe8 18. g4 Nb4 19. Rfe1 Bf8 20. Qd2 Nxd3 21.
Qxd3 Qg6 22. Nfd2 Qxg4 23. f3 Qf4 24. Nb3 Qc7 25. Ng5 g6 26. Nd2 h6 27. Nge4 Bg7
28. Nf2 h5 29. Nde4 Be5 30. Qa3 Rac8 31. Re2 f5 32. Nd2 Bh2+ 33. Kf1 Rxe2 34.
Kxe2 Bf4 35. Kf1 a6 36. Nb3 Be3 37. Nd2 Re8 38. Qa4 Bc6 39. Qa3 Qg3 40. Nh3 Bxd2 0-1

[Event "European Blitz 2016"]
[Site "Tallinn EST"]
[Date "2016.12.17"]
[Round "10.11"]
[White "Alekseev, Evgeny"]
[Black "Meskovs, Nikita"]
[Result "0-1"]
[WhiteTitle "GM"]
[BlackTitle "IM"]
[WhiteElo "2632"]
[BlackElo "2489"]
[WhiteFideId "4138147"]
[BlackFideId "11602740"]
[EventDate "2016.12.17"]

1. d4 Nf6 2. Nf3 e6 3. c4 b6 4. g3 Ba6 5. Nbd2 Bb7 6. Bg2 Be7 7. O-O O-O 8. Qc2
c5 9. e4 cxd4 10. e5 Ng4 11. h3 Nh6 12. Ng5 Bxg5 13. Bxb7 Nc6 14. Bxa8 Qxa8 15.
Nf3 Bxc1 16. Raxc1 f6 17. exf6 Rxf6 18. Qe4 Nf5 19. Ne5 Nd6 20. Qg2 Qe8 21. Rfe1
Ne7 22. b4 h5 23. a4 h4 24. g4 Ng6 25. Nxg6 Qxg6 26. c5 bxc5 27. bxc5 Nf7 28. c6
dxc6 29. Qxc6 Ng5 30. Kg2 Qd3 31. Qc8+ Rf8 0-1

[Event "European Blitz 2016"]
[Site "Tallinn EST"]
[Date "2016.12.17"]
[Round "10.12"]
[White "Zubritskiy, Artyom"]
[Black "Movsesian, Sergei"]
[Result "1-0"]
[WhiteTitle "IM"]
[BlackTitle "GM"]
[WhiteElo "2442"]
[BlackElo "2673"]
[WhiteFideId "4181247"]
[BlackFideId "310204"]
[EventDate "2016.12.17"]

1. d4 Nf6 2. c4 e6 3. g3 Bb4+ 4. Bd2 Qe7 5. Bg2 d5 6. Qc2 Nc6 7. Nf3 O-O 8. O-O
Ne4 9. a3 Bxd2 10. Nbxd2 Nxd2 11. Qxd2 dxc4 12. Qc3 Rd8 13. Rfd1 Bd7 14. Qxc4
Be8 15. Rac1 Rac8 16. e3 Nb8 17. Ne5 c6 18. Qc5 Qxc5 19. dxc5 Rxd1+ 20. Rxd1 b5
21. cxb6 axb6 22. Nc4 Kf8 23. Nxb6 Rc7 24. a4 Ke7 25. a5 c5 26. Rc1 Kd6 27. Rd1+
Ke7 28. Rc1 Kd6 29. f4 Bb5 30. Kf2 Na6 31. Rd1+ Ke7 32. Na8 Ra7 33. Nb6 Rc7 34.
Bf1 Bxf1 35. Kxf1 Nb4 36. Ke2 Ke8 37. Nc4 Ke7 38. Kd2 Rd7+ 39. Ke2 Rb7 40. Rd2
Nd5 41. e4 Nb4 42. Nb6 Rc7 43. Ke3 f6 44. b3 h5 45. Nc4 Nc6 46. Ra2 Ra7 47. Kd2
Nb4 48. Ra1 Kd7 49. Kc3 Nc6 50. Ra2 Kc7 51. h3 Ra8 52. g4 hxg4 53. hxg4 Rh8 54.
Rd2 Rh3+ 55. Rd3 Rh4 56. Rg3 Rh1 57. g5 f5 58. exf5 exf5 59. Ne3 g6 60. Nc4 Rc1+
61. Kb2 Rf1 62. Rh3 Rxf4 63. Rh7+ Kd8 64. a6 Rf2+ 65. Ka3 Nb4 66. Ka4 Nxa6 67.
Kb5 Nc7+ 68. Kxc5 Ne8 69. Ne5 Rc2+ 70. Kb6 Re2 71. Nc6+ Kc8 72. Re7 Re4 73. Na7+
Kd8 74. Nc6+ Kc8 75. Ra7 Nd6 76. Rc7# 1-0

[Event "European Blitz 2016"]
[Site "Tallinn EST"]
[Date "2016.12.17"]
[Round "10.13"]
[White "Ponkratov, Pavel"]
[Black "Martinovic, Sasa"]
[Result "1/2-1/2"]
[WhiteTitle "GM"]
[BlackTitle "GM"]
[WhiteElo "2607"]
[BlackElo "2550"]
[WhiteFideId "4157800"]
[BlackFideId "14509792"]
[EventDate "2016.12.17"]

1. e4 c5 2. Nf3 Nc6 3. Bb5 e6 4. O-O Nge7 5. Re1 a6 6. Bf1 d5 7. exd5 Nxd5 8. d4
Nf6 9. Be3 Be7 10. dxc5 Qxd1 11. Rxd1 Ng4 12. Bf4 Bxc5 13. Bg3 Bd7 14. h3 Nf6
15. Nbd2 Ke7 16. a3 Rhd8 17. b4 Bd6 18. Bh4 h6 19. Ne4 Bc7 20. Nxf6 gxf6 21. c4
Ne5 22. Be2 Ba4 23. Re1 Ng6 24. Bg3 Bxg3 25. fxg3 Ne5 26. Nxe5 fxe5 27. Bf3 Bc6
28. Bxc6 bxc6 29. Rxe5 Rd2 30. Rf1 Ra2 31. Ra5 Rd8 32. Rxa6 Rdd2 33. Ra7+ Kd6
34. Rfxf7 Rxg2+ 35. Kf1 Rh2 36. Kg1 Rhg2+ 37. Kf1 Rh2 38. Kg1 Rhg2+ 39. Kf1 Rxg3
40. Rad7+ Ke5 41. Rf2 Ra1+ 42. Ke2 Rgxa3 43. b5 cxb5 44. cxb5 Rxh3 45. Rd2 Rb1
46. Rg2 Kf5 47. Rf2+ Ke5 48. Rg2 Kf6 49. Rf2+ Ke7 50. Rg2 Rxb5 51. Ra2 Re5+ 52.
Kf2 Rf5+ 53. Ke2 Rg5 54. Rf2 Re5+ 55. Kd2 Rf5 56. Rg2 Kf6 57. Ra8 Rhf3 58. Rf8+
Ke5 59. Re2+ Kd4 60. Rh8 Rd3+ 61. Kc2 Rc5+ 62. Kb2 Rb5+ 63. Ka2 e5 64. Rxh6 Rc3
65. Rd6+ Kc4 66. Re4+ Kc5 67. Rxe5+ Kxd6 68. Rxb5 1/2-1/2

[Event "European Blitz 2016"]
[Site "Tallinn EST"]
[Date "2016.12.17"]
[Round "10.14"]
[White "Agrest, Evgenij"]
[Black "Munoz, Miguel"]
[Result "1/2-1/2"]
[WhiteTitle "GM"]
[BlackTitle "GM"]
[WhiteElo "2593"]
[BlackElo "2473"]
[WhiteFideId "1705024"]
[BlackFideId "3800229"]
[EventDate "2016.12.17"]

1. c4 c5 2. Nf3 g6 3. d4 Bg7 4. e4 Qb6 5. dxc5 Qxc5 6. Be2 Nf6 7. Nc3 O-O 8. O-O
d6 9. Be3 Qc7 10. Nd4 Nc6 11. Rc1 Bd7 12. f3 Rfd8 13. Nd5 Qb8 14. Qd2 e6 15. Nc3
Nxd4 16. Bxd4 Bc6 17. Rfd1 b6 18. Qg5 Ne8 19. Bxg7 Kxg7 20. Rd2 Qc7 21. Rcd1 Rd7
22. Kh1 Qd8 23. Qe3 Qh4 24. e5 Rad8 25. Rd4 Qe7 26. h3 dxe5 27. Qxe5+ f6 28. Qe3
e5 29. Rxd7 Rxd7 30. Rxd7 Qxd7 31. Qd3 Qxd3 32. Bxd3 Kf7 33. Kg1 Ke6 34. Kf2 f5
35. Ke3 Nd6 36. b3 h5 37. g4 hxg4 38. hxg4 Kf6 39. gxf5 gxf5 40. f4 Nb7 41. b4
Nd8 42. Nd5+ Bxd5 43. cxd5 Nb7 44. a4 Nd6 45. Ba6 Ne8 46. Bc8 Nd6 47. Ba6 Nf7
48. Bc8 Nd6 49. Ba6 Nf7 50. Bc8 Nd6 51. Ba6 1/2-1/2

[Event "European Blitz 2016"]
[Site "Tallinn EST"]
[Date "2016.12.17"]
[Round "10.15"]
[White "Novikov, Stanislav"]
[Black "Vallejo Pons, Francisco"]
[Result "1/2-1/2"]
[WhiteTitle "GM"]
[BlackTitle "GM"]
[WhiteElo "2513"]
[BlackElo "2711"]
[WhiteFideId "4125371"]
[BlackFideId "2205530"]
[EventDate "2016.12.17"]

1. e4 e5 2. Nf3 Nc6 3. Bb5 Bc5 4. O-O Nd4 5. Nxd4 Bxd4 6. c3 Bb6 7. d4 c6 8. Ba4
d6 9. Re1 Nf6 10. Bg5 h6 11. Bh4 O-O 12. Qd3 Re8 13. Nd2 g5 14. Bg3 Nh5 15. Nc4
Nf4 16. Bxf4 exf4 17. e5 dxe5 18. Bc2 f5 19. Rxe5 Rxe5 20. Nxe5 Kg7 21. Qh3 Qf6
22. Re1 Be6 23. Bb3 Bxb3 24. axb3 Re8 25. Qd3 Bc7 26. Nf3 Rxe1+ 27. Nxe1 Qe6 28.
Qd1 a5 29. Nd3 Bd6 30. Kf1 Qe4 31. f3 Qe3 32. Qe2 Kf6 33. h3 h5 34. Qxe3 fxe3
35. Ke2 f4 36. Nc1 Ke6 37. Kd3 Kf5 38. Ne2 b5 39. c4 Bb4 40. Kc2 Be1 41. Kd3 Bb4
42. Kc2 g4 43. hxg4+ hxg4 44. fxg4+ Kxg4 45. Kd3 Kf5 46. Ng1 Bd2 47. Ne2 b4 48.
Ng1 Bc1 49. Kc2 Bd2 50. Kd3 Bc1 51. Kc2 Bd2 52. Kd3 Bc1 53. Kc2 Bd2 54. Kd3 Bc1
55. Kc2 Bd2 56. Nf3 1/2-1/2

[Event "European Blitz 2016"]
[Site "Tallinn EST"]
[Date "2016.12.17"]
[Round "10.16"]
[White "Timerkhanov, Alexander"]
[Black "Kobalia, Mikhail"]
[Result "1-0"]
[WhiteTitle "FM"]
[BlackTitle "GM"]
[WhiteElo "2360"]
[BlackElo "2628"]
[WhiteFideId "24177938"]
[BlackFideId "4119150"]
[EventDate "2016.12.17"]

1. d4 f5 2. e4 fxe4 3. Nc3 Nf6 4. Bg5 d5 5. Bxf6 exf6 6. Qh5+ g6 7. Qxd5 Bb4 8.
Qxe4+ Kf7 9. Bc4+ Kg7 10. Ne2 Bxc3+ 11. bxc3 Re8 12. Qf3 Nd7 13. O-O Nb6 14. Bd3
Be6 15. Nf4 Bf7 16. h4 c6 17. h5 Nd5 18. hxg6 hxg6 19. Nxd5 Qxd5 20. Qxd5 cxd5
21. Rab1 b6 22. Ba6 Re7 23. Rfe1 Rc7 24. Re3 Re8 25. Rbe1 Kf8 26. f4 Rxc3 27.
Rxe8+ Bxe8 28. Bd3 Bf7 29. Kf2 Ra3 30. Ra1 a6 31. Ke2 b5 32. Kd2 b4 33. Rb1 a5
34. Rb2 Kg7 35. Kc1 g5 36. fxg5 fxg5 37. Kb1 Bg6 38. Bxg6 Kxg6 39. Rb3 Rxb3+ 40.
cxb3 Kf5 1-0

[Event "European Blitz 2016"]
[Site "Tallinn EST"]
[Date "2016.12.17"]
[Round "10.17"]
[White "Riazantsev, Alexander"]
[Black "Cherepov, Alexej"]
[Result "1-0"]
[WhiteTitle "GM"]
[WhiteElo "2671"]
[BlackElo "2106"]
[WhiteFideId "4125029"]
[BlackFideId "13503650"]
[EventDate "2016.12.17"]

1. d4 d5 2. c4 dxc4 3. e3 Be6 4. Nf3 c6 5. Nbd2 Nf6 6. Nxc4 c5 7. Bd2 cxd4 8.
Nxd4 Bd5 9. Ne5 Nc6 10. Ndxc6 bxc6 11. f3 Qd6 12. Bc3 Nd7 13. Nxd7 Qxd7 14. e4
Be6 15. Qa4 f6 16. Rd1 Qc7 17. Bd3 g6 18. O-O Bh6 19. Bc4 Bf7 20. Bxf7+ Kxf7 21.
e5 fxe5 22. Rfe1 Rhd8 23. Bxe5 Qb6+ 24. Bd4 Qb5 25. Qa3 Rd6 26. Bc5 Rxd1 27.
Rxd1 Bg5 1-0

[Event "European Blitz 2016"]
[Site "Tallinn EST"]
[Date "2016.12.17"]
[Round "10.18"]
[White "Miezis, Normunds"]
[Black "Naiditsch, Arkadij"]
[Result "0-1"]
[WhiteTitle "GM"]
[BlackTitle "GM"]
[WhiteElo "2509"]
[BlackElo "2687"]
[WhiteFideId "11600136"]
[BlackFideId "4650891"]
[EventDate "2016.12.17"]

1. c4 Nf6 2. Nc3 g6 3. e4 d6 4. g3 Bg7 5. Bg2 O-O 6. Nge2 e5 7. O-O Nc6 8. d3
Nd7 9. f4 f5 10. exf5 gxf5 11. fxe5 dxe5 12. Nd5 Nc5 13. b4 Ne6 14. b5 Ncd4 15.
Nxd4 Nxd4 16. Ba3 Rf7 17. Bc5 Ne6 18. Ba3 a6 19. bxa6 Rxa6 20. Bb2 c6 21. Nb4
Qb6+ 22. Kh1 Qxb4 23. Qe2 Qd6 24. a3 Nd4 25. Qf2 f4 26. gxf4 exf4 27. Be4 Bf5
28. Rae1 Ra8 29. Rg1 Bg6 30. c5 Qf6 31. Bxg6 hxg6 32. Re4 Rd8 33. Rge1 f3 34.
Re8+ Rxe8 35. Rxe8+ Rf8 36. Re4 Rd8 37. Bc3 Qg5 38. Bd2 Qg2+ 39. Qxg2 fxg2+ 40.
Kxg2 Nf5 41. Rb4 Rxd3 42. Bg5 Rd7 43. a4 Bd4 44. a5 Bxc5 45. Re4 Kf7 46. Ra4 Rd4
47. Ra2 Rg4+ 0-1

[Event "European Blitz 2016"]
[Site "Tallinn EST"]
[Date "2016.12.17"]
[Round "10.19"]
[White "Zorko, Jure"]
[Black "Dzhumagaliev, Yan"]
[Result "1-0"]
[WhiteTitle "IM"]
[BlackTitle "FM"]
[WhiteElo "2454"]
[BlackElo "2400"]
[WhiteFideId "14604051"]
[BlackFideId "24100110"]
[EventDate "2016.12.17"]

1. d4 h5 2. e4 h4 3. Nc3 c6 4. h3 d5 5. Nf3 dxe4 6. Nxe4 Bf5 7. Bd3 Nf6 8. Nxf6+
gxf6 9. c3 Qd7 10. Qe2 Na6 11. Bxa6 bxa6 12. Qxa6 Be4 13. Qe2 Qd5 14. c4 Qf5 15.
Bd2 Bd3 16. Qe3 Bxc4 17. Nh2 Bd5 18. f3 e6 19. Qf4 Qxf4 20. Bxf4 Bb4+ 21. Kf2
Ba5 22. Ng4 Ke7 23. Rhd1 Bb6 24. Be3 Rab8 25. b3 Rbg8 26. Bc1 Rg6 27. Ba3+ Kd7
28. Rac1 Bc7 29. Rc2 Rhg8 30. Kf1 Bf4 31. Bc1 Bd6 32. Be3 Ra8 33. Bf2 Rh8 34.
Be3 Rh5 35. Bf2 a6 36. Be1 Rh8 37. Bf2 Bf4 38. Be1 e5 39. Bd2 Bg3 40. Be1 e4 41.
Bxg3 hxg3 42. fxe4 Bxe4 43. Rc3 Kd6 44. Re3 Kd5 45. Rxg3 Kd6 46. Nf2 Bc2 47.
Rxg6 fxg6 48. Rd2 Bf5 49. g4 Bc8 50. Ne4+ Ke7 51. Kg2 Be6 52. Nc5 Bd5+ 53. Kg3
a5 54. Re2+ Kf7 55. Nb7 Ra8 56. Nc5 Rb8 57. h4 Rb4 58. Rd2 Rb8 59. Rf2 Rb4 60.
Rf4 Ke7 61. g5 f5 62. Nd3 Rb8 63. Ne5 Rg8 64. Rf2 Kd6 65. Kf4 Rg7 66. Rh2 c5 67.
dxc5+ Kxc5 68. h5 gxh5 69. g6 Be4 70. Rxh5 Rg8 71. Rh7 Kd4 72. g7 Kc3 73. Nd7
Rd8 74. Nf6 Bb1 75. Rh8 Rd4+ 76. Ke5 Rd2 77. g8=Q Bxa2 78. Qc4+ Kb2 79. Qa4 Bxb3
80. Qxa5 Re2+ 81. Kf4 Rf2+ 82. Ke3 Rc2 83. Qe5+ Rc3+ 84. Kd2 1-0

[Event "European Blitz 2016"]
[Site "Tallinn EST"]
[Date "2016.12.17"]
[Round "10.20"]
[White "Plat, Vojtech"]
[Black "Ladva, Ottomar"]
[Result "1-0"]
[WhiteTitle "IM"]
[BlackTitle "GM"]
[WhiteElo "2532"]
[BlackElo "2510"]
[WhiteFideId "325740"]
[BlackFideId "4500024"]
[EventDate "2016.12.17"]

1. e4 c5 2. Nf3 e6 3. d4 cxd4 4. Nxd4 Nc6 5. Nc3 Qc7 6. Be2 Nf6 7. O-O Be7 8.
Be3 O-O 9. f4 d6 10. Qe1 Nxd4 11. Bxd4 e5 12. Be3 exf4 13. Rxf4 Be6 14. Rd1 Nd7
15. Rf1 Ne5 16. Bd4 Rfe8 17. Qg3 a6 18. Rd2 Bf8 19. Nd5 Bxd5 20. exd5 g6 21. Qf2
f5 22. c4 Bg7 23. Rc2 Nd7 24. Bxg7 Kxg7 25. g4 Re5 26. gxf5 Rxf5 27. Qd4+ Re5
28. b4 Re8 29. Bg4 Nf6 30. Be6 Rf8 31. c5 Re4 32. Qb2 dxc5 33. bxc5 Qe5 34.
Qxb7+ Kh8 35. Rcf2 Re1 36. Qe7 Qg5+ 37. Kh1 Rxf1+ 38. Rxf1 1-0

[Event "European Blitz 2016"]
[Site "Tallinn EST"]
[Date "2016.12.17"]
[Round "10.21"]
[White "Maier, Christian"]
[Black "Piorun, Kacper"]
[Result "1/2-1/2"]
[WhiteTitle "IM"]
[BlackTitle "GM"]
[WhiteElo "2390"]
[BlackElo "2657"]
[WhiteFideId "4601955"]
[BlackFideId "1130420"]
[EventDate "2016.12.17"]

1. e4 e6 2. d4 d5 3. Nc3 Bb4 4. e5 c5 5. dxc5 Ne7 6. Nf3 Nbc6 7. Bd3 Bxc5 8. O-O
Ng6 9. Bxg6 hxg6 10. Ne2 a6 11. c3 Qc7 12. Bf4 Bd7 13. Ned4 Be7 14. Re1 Rh5 15.
Qd2 Na5 16. b3 Rc8 17. Rac1 b5 18. g3 Nb7 19. h4 Nc5 20. Qe2 Qb7 21. Bg5 Bf8 22.
Nd2 Bc6 23. Red1 Nd7 24. c4 dxc4 25. Nxc6 Qxc6 26. bxc4 b4 27. c5 f6 28. exf6
gxf6 29. Be3 Kf7 30. Nc4 Ne5 31. Nxe5+ Rxe5 32. Qg4 a5 33. Bf4 Rf5 34. Bd6 Bh6
35. Rc2 Rd5 36. Rxd5 Qxd5 37. Re2 Rc6 38. Kh2 Bg7 39. Qf4 e5 40. Qe3 a4 41. Rd2
Qe6 42. Qf3 Qc8 43. Qd5+ Ke8 44. Qg8+ Kd7 45. Qxg7+ Ke6 46. Qe7+ Kf5 47. Qf7 b3
48. axb3 a3 49. h5 gxh5 50. Qxh5+ Ke6 51. Qh3+ Kf7 52. Qxc8 Rxc8 53. Ra2 Ra8 54.
c6 Ke6 55. Rxa3 Rh8+ 56. Kg2 Kxd6 57. Ra6 Rb8 58. c7+ Kxc7 59. Rxf6 Rxb3 60. Re6
Rb5 61. Kf3 Kd7 62. Rh6 Ke7 63. Ke4 Rb2 64. f3 Re2+ 65. Kf5 Re3 66. Kg4 Re1 67.
Ra6 Kf7 68. Kf5 Re3 69. Ra7+ Kf8 70. Kg4 Rb3 71. Ra5 Re3 72. Ra7 Rb3 73. Rc7 Re3
74. Ra7 Rc3 75. Ra4 Kf7 76. Re4 Kf6 77. Ra4 Kg6 78. Ra6+ Kf7 79. Rh6 Rd3 80. Rh5
Kf6 81. Rf5+ Ke6 82. Kg5 e4 83. Rf6+ Ke7 84. Rf4 exf3 85. Kg4 Ke6 86. Rxf3 Ke5 1/2-1/2

[Event "European Blitz 2016"]
[Site "Tallinn EST"]
[Date "2016.12.17"]
[Round "10.22"]
[White "Ruck, Robert"]
[Black "Krutti, Valer"]
[Result "1-0"]
[WhiteTitle "GM"]
[BlackTitle "IM"]
[WhiteElo "2561"]
[BlackElo "2361"]
[WhiteFideId "705713"]
[BlackFideId "706248"]
[EventDate "2016.12.17"]

1. Nf3 d5 2. g3 c6 3. Bg2 Bg4 4. O-O Nd7 5. d3 Ngf6 6. c4 e6 7. cxd5 cxd5 8. Qb3
Nc5 9. Qb5+ Nfd7 10. Nc3 a6 11. Qb4 Bxf3 12. Bxf3 Nxd3 13. Qxb7 Nxc1 14. Rfxc1
Be7 15. Na4 Ne5 16. Bg2 O-O 17. Rc2 a5 18. Rac1 Rb8 19. Qa6 Nc4 20. e4 Nb6 21.
Nxb6 Rxb6 22. Qxa5 dxe4 23. Bxe4 Qd4 24. Qa7 Bf6 25. b3 h5 26. Rc8 g6 27. Rxf8+
Kxf8 28. Rc7 Kg8 29. Qa8+ Kg7 30. h4 Rb4 31. Bf3 g5 32. Bxh5 gxh4 33. Rxf7+ Kh6
34. Qf8+ Bg7 35. Rxg7 Qxg7 36. Qxb4 Kxh5 37. Qxh4+ Kg6 38. Qg4+ 1-0

[Event "European Blitz 2016"]
[Site "Tallinn EST"]
[Date "2016.12.17"]
[Round "10.23"]
[White "Marin, Mihail"]
[Black "Pustovoitova, Daria"]
[Result "1-0"]
[WhiteTitle "GM"]
[BlackTitle "FM"]
[WhiteElo "2539"]
[BlackElo "2401"]
[WhiteFideId "1200020"]
[BlackFideId "4182146"]
[EventDate "2016.12.17"]

1. Nf3 Nf6 2. c4 c5 3. Nc3 Nc6 4. e3 e5 5. d4 e4 6. Ne5 Be7 7. Be2 O-O 8. O-O
Re8 9. b3 cxd4 10. exd4 Bb4 11. Bb2 d6 12. Nxc6 bxc6 13. a3 Ba5 14. b4 Bc7 15.
d5 Bb7 16. dxc6 Bxc6 17. Qd2 d5 18. cxd5 Nxd5 19. Nxd5 Qxd5 20. Qxd5 Bxd5 21.
Rfd1 Red8 22. a4 Bb3 23. Rd4 f5 24. Rc1 Bb6 25. Rxd8+ Rxd8 26. a5 Rd2 27. axb6
axb6 28. Rc8+ Kf7 29. Bh5+ g6 30. Bc1 Rd4 31. Be2 Rxb4 32. h4 Bd5 33. Be3 Rb1+
34. Kh2 b5 35. Rc7+ Ke6 36. Rxh7 b4 37. Rg7 b3 38. Rxg6+ Ke5 39. Rb6 f4 40. Bd2
f3 41. Bc3+ Kf4 42. g3+ Kg4 43. Ba6 e3 44. Bc8+ Kh5 45. g4+ Kxh4 46. Bf6# 1-0

[Event "European Blitz 2016"]
[Site "Tallinn EST"]
[Date "2016.12.17"]
[Round "10.24"]
[White "Vovk, Ilja"]
[Black "Onischuk, Vladimir"]
[Result "0-1"]
[WhiteTitle "FM"]
[BlackTitle "GM"]
[WhiteElo "2311"]
[BlackElo "2601"]
[WhiteFideId "4501764"]
[BlackFideId "14114038"]
[EventDate "2016.12.17"]

1. d4 d6 2. e4 Nf6 3. Nc3 g6 4. Nf3 Bg7 5. Be3 a6 6. Qd2 b5 7. Bd3 Bb7 8. a3
Nbd7 9. Bh6 Bxh6 10. Qxh6 e5 11. dxe5 dxe5 12. O-O-O c6 13. Ng5 Qe7 14. f4 O-O-O
15. g3 Qf8 16. Qh3 Kb8 17. Rhf1 h6 18. Nf3 Qe7 19. Qh4 Qe6 20. Nxe5 Nxe5 21.
fxe5 Ng4 22. Rfe1 Nxe5 23. Qf4 g5 24. Qf1 Rd7 25. Be2 Rhd8 26. Rxd7 Rxd7 27. Rd1
Kc7 28. Rxd7+ Kxd7 29. Kb1 c5 30. Nd5 Bxd5 31. exd5 Qxd5 32. Qf6 Qe6 33. Qh8 Ng6
34. Qa8 Qxe2 35. Qb7+ Ke8 36. Qxa6 Qe1+ 37. Ka2 Qe6+ 0-1

[Event "European Blitz 2016"]
[Site "Tallinn EST"]
[Date "2016.12.17"]
[Round "10.25"]
[White "Kozul, Zdenko"]
[Black "Margolin, Boris"]
[Result "1-0"]
[WhiteTitle "GM"]
[BlackTitle "IM"]
[WhiteElo "2613"]
[BlackElo "2387"]
[WhiteFideId "14502879"]
[BlackFideId "4646193"]
[EventDate "2016.12.17"]

1. d4 Nf6 2. c4 d6 3. Nf3 c6 4. Nc3 Bg4 5. e3 Nbd7 6. Be2 e5 7. d5 Be7 8. e4 O-O
9. Be3 Ne8 10. O-O Bxf3 11. Bxf3 Bg5 12. Bxg5 Qxg5 13. Bg4 Ndf6 14. Be2 c5 15.
a3 Nc7 16. b4 Na6 17. Rb1 Ne8 18. Bg4 Rd8 19. Bh3 g6 20. Nb5 Ra8 21. Qc1 Qxc1
22. Rfxc1 f5 23. exf5 gxf5 24. f4 e4 25. Rc3 Ng7 26. Nxd6 b6 27. Nb5 Rfc8 28. g3
Nc7 29. Nd6 cxb4 30. axb4 Nxd5 31. Ra3 Rd8 32. Nxf5 Nf6 33. c5 bxc5 34. bxc5
Nxf5 35. Bxf5 Kf8 36. c6 Rd5 37. c7 1-0

[Event "European Blitz 2016"]
[Site "Tallinn EST"]
[Date "2016.12.17"]
[Round "10.26"]
[White "Cvitan, Ognjen"]
[Black "Lobanov, Sergei"]
[Result "1-0"]
[WhiteTitle "GM"]
[WhiteElo "2491"]
[BlackElo "2429"]
[WhiteFideId "14500086"]
[BlackFideId "24183750"]
[EventDate "2016.12.17"]

1. d4 Nf6 2. c4 e6 3. Nc3 Bb4 4. e3 d5 5. a3 Bxc3+ 6. bxc3 O-O 7. cxd5 exd5 8.
Bd3 b6 9. f3 c5 10. Ne2 Ba6 11. O-O Re8 12. Ng3 Bxd3 13. Qxd3 Nc6 14. Bb2 Qe7
15. e4 dxe4 16. fxe4 Rad8 17. Rae1 Ne5 18. Qe2 cxd4 19. cxd4 Ng6 20. Qf3 Qd7 21.
h3 Qb5 22. Re2 Nh4 23. Qf2 Re7 24. d5 Nd7 25. d6 Re5 26. Qxf7+ Kh8 27. Bxe5 Qxe5
28. Qxd7 1-0